00427nam a2200157 a 450000500170000000800410001702000180005805000220007610000190009824500510011726000410016830000170020944000190022665000110024565000130025620140412111222.0020530s19uu xx 00 eng d a1-56156-226-2 aM 599.5bE42 1994 aEricson, Anton aWhales & dolphins /cwritten by Anton Ericson. aChicago, Ill :bKidsbook Inc,c1994. a28 p. ; ill. aEyes on Nature aWhales aDolphins